Elastic strain fields and dislocation mobility / (Record no. 11494)

MARC details
000 -LEADER
fixed length control field 01063cam a2200289 i 4500
001 - CONTROL NUMBER
control field 1071889
003 - CONTROL NUMBER IDENTIFIER
control field EG-ScBUE
005 - DATE AND TIME OF LATEST TRANSACTION
control field 20260104101613.0
008 - FIXED-LENGTH DATA ELEMENTS--GENERAL INFORMATION
fixed length control field 911031s1992 ne a f b 001 0 eng
020 ## - INTERNATIONAL STANDARD BOOK NUMBER
International Standard Book Number 0444887733 (acidfree paper)
040 ## - CATALOGING SOURCE
Original cataloging agency EG-ScBUE
Language of cataloging eng
Description conventions rda
Transcribing agency EG-ScBUE
Modifying agency EG-ScBUE
082 04 - DEWEY DECIMAL CLASSIFICATION NUMBER
Classification number 548.842
Edition number 22
Item number ELA
245 00 - TITLE STATEMENT
Title Elastic strain fields and dislocation mobility /
Statement of responsibility, etc volume editors, V. L. Indenbom, Moscow, USSR, J. Lothe, Oslo, Norway.
264 #1 - PUBLICATION, DISTRIBUTION, ETC. (IMPRINT)
Place of publication, distribution, etc Amsterdam :
Name of publisher, distributor, etc North-Holland,
Date of publication, distribution, etc 1992.
300 ## - PHYSICAL DESCRIPTION
Extent xiii, 777 pages :
Other physical details illustrations ;
Dimensions 25 cm.
336 ## - CONTENT TYPE
Source rdacontent
Content type term text
Content type code txt
337 ## - MEDIA TYPE
Media type term unmediated
Source rdamedia
Media type code n
338 ## - CARRIER TYPE
Carrier type term volume
Carrier type code nc
Source rdacarrier
490 0# - SERIES STATEMENT
Series statement Modern problems in condensed matter sciences ;
Volume number/sequential designation volume 31
504 ## - BIBLIOGRAPHY, ETC. NOTE
Bibliography, etc Includes bibliographical references and index.
650 #7 - SUBJECT ADDED ENTRY--TOPICAL TERM
Topical term or geographic name as entry element Dislocations in crystals.
9 (RLIN) 4573
Source of heading or term BUEsh
650 #7 - SUBJECT ADDED ENTRY--TOPICAL TERM
Topical term or geographic name as entry element Strains and stresses.
9 (RLIN) 4574
Source of heading or term BUEsh
655 ## - INDEX TERM--GENRE/FORM
Form subdivision Reading book
700 1# - ADDED ENTRY--PERSONAL NAME
Personal name Indenbom, V. L.,
9 (RLIN) 4575
Relator term editor.
700 1# - ADDED ENTRY--PERSONAL NAME
Personal name Lothe, Jens,
9 (RLIN) 4576
Relator term editor.
942 ## - ADDED ENTRY ELEMENTS (KOHA)
Source of classification or shelving scheme Dewey Decimal Classification
Koha item type Book - Borrowing
Holdings
Withdrawn status Lost status Source of classification or shelving scheme Damaged status Not for loan Collection code Home library Current library Shelving location Date acquired Source of acquisition Cost, normal purchase price Serial Enumeration / chronology Total Checkouts Total Renewals Full call number Barcode Date last seen Date checked out Price effective from Koha item type
    Dewey Decimal Classification     Alahram Central Library Central Library First floor 05/05/2009   1197.90 72 1 4 548.842 ELA 000016103 15/07/2025 27/10/2024 05/05/2009 Book - Borrowing